Die Staatliche Gemäldegalerie Zu Dresden: Erste Abteilung DIE ROMANISCHEN LÄNDER (Record no. 5249)

MARC details
000 -CABECERA
campo de control de longitud fija 00662nam a2200229 a 4500
001 - NÚMERO DE CONTROL
campo de control BRCA_5555
005 - FECHA Y HORA DE LA ÚLTIMA TRANSACCIÓN
campo de control 20190320205129.0
008 - DATOS DE LONGITUD FIJA--INFORMACIÓN GENERAL
campo de control de longitud fija 300311s1929----gw-a######---#000-0#ger-#
041 ## - CÓDIGO DE LENGUA
Código de lengua del texto/banda sonora o título independiente ger
044 ## - CÓDIGO DEL PAÍS DE LA ENTIDAD EDITORA/PRODUCTORA
Código MARC del país gw
100 1# - ENTRADA PRINCIPAL--NOMBRE DE PERSONA
Nombre de persona Posse, Hans
9 (RLIN) 14176
245 10 - MENCIÓN DE TÍTULO
Título Die Staatliche Gemäldegalerie Zu Dresden: Erste Abteilung DIE ROMANISCHEN LÄNDER
Mención de responsabilidad, etc. Posse, Hans
260 ## - PUBLICACIÓN, DISTRIBUCIÓN, ETC.
Lugar de publicación, distribución, etc. Berlin
Nombre del editor, distribuidor, etc. Julius Verlag Bard
Fecha de publicación, distribución, etc. 1929
300 ## - DESCRIPCIÓN FÍSICA
Extensión 402 p.
Otras características físicas Ilus. 841
Dimensiones 26 cm.
500 ## - NOTA GENERAL
Nota general F30
650 14 - PUNTO DE ACCESO ADICIONAL DE MATERIA--TÉRMINO DE MATERIA
Término de materia o nombre geográfico como elemento de entrada Pintura Rusa
9 (RLIN) 14177
650 14 - PUNTO DE ACCESO ADICIONAL DE MATERIA--TÉRMINO DE MATERIA
Término de materia o nombre geográfico como elemento de entrada Pintura francesa
9 (RLIN) 5229
650 14 - PUNTO DE ACCESO ADICIONAL DE MATERIA--TÉRMINO DE MATERIA
Término de materia o nombre geográfico como elemento de entrada Pintura italiana
Subdivisión geográfica Alemania
9 (RLIN) 14178
650 14 - PUNTO DE ACCESO ADICIONAL DE MATERIA--TÉRMINO DE MATERIA
Término de materia o nombre geográfico como elemento de entrada Pintura española
9 (RLIN) 7790
902 ## - CATALOGADOR
Iniciales GFM
942 ## - ELEMENTOS DE PUNTO DE ACCESO ADICIONAL (KOHA)
Fuente del sistema de clasificación o colocación Library of Congress Classification
Tipo de ítem Koha Libros
Holdings
Estado de retiro Estado de pérdida Estado dañado No para préstamo Localización permanente Ubicación/localización actual Fecha de adquisición Número de inventario Total de préstamos Signatura topográfica completa Código de barras Fecha visto por última vez Precio válido a partir de Tipo de ítem Koha
El ejemplar forma parte de la colección y puede ser consultado según las políticas vigentes.       Biblioteca del Museo Franz Mayer (Rogerio Casas-Alatriste) Biblioteca del Museo Franz Mayer (Rogerio Casas-Alatriste) 09/02/2011 F30   (F30) 5991 22/03/2019 22/03/2019 Libros